LIBRARY & INFORMATION CENTRE, KCAET, TAVANUR

ONLINE PUBLIC ACCESS CATALOGUE (OPAC)

Anthelogy of Jaoanese Literature from the earliest era to the mid-ninteenth century / (Record no. 3561)

MARC details
000 -LEADER
fixed length control field 00424cam a2200145ua 4500
041 ## - LANGUAGE CODE
Language code of text/sound track or separate title eng
082 ## - DEWEY DECIMAL CLASSIFICATION NUMBER
Classification number 895.6
Item number LEE/AN
100 ## - MAIN ENTRY--AUTHOR NAME
Personal name Keene, Donald .
245 ## - TITLE STATEMENT
Title Anthelogy of Jaoanese Literature from the earliest era to the mid-ninteenth century /
260 ## - PUBLICATION, DISTRIBUTION, ETC. (IMPRINT)
Place of publication London :
Name of publisher George Allen & Unwin Ltd ,
Year of publication 1956.
300 ## - PHYSICAL DESCRIPTION
Number of Pages 447 ; .
942 ## - ADDED ENTRY ELEMENTS (KOHA)
Koha item type Books
Holdings
Withdrawn status Lost status Damaged status Home library Current library Date acquired Cost, normal purchase price Full call number Accession Number Koha item type Public note
Withdrawn     KAUAET Sanskrit University 07/04/2012 30.00 895.6 6933 Books Transferred to Sanskrit University
free website counter